Normal view
MARC view
- تاليف المصري، محمد عبد الغني؛م.مشارك مجد محمدالباكير البرازي
Entry Personal Name
001 - CONTROL NUMBER
- control field: 42561
003 - CONTROL NUMBER IDENTIFIER
- control field: JO-AjAnu
005 - DATE AND TIME OF LATEST TRANSACTION
- control field: 20230606081048.0
008 - FIXED-LENGTH DATA ELEMENTS
- fixed length control field: 230606|| aca||aabn | a|a d
040 ## - CATALOGING SOURCE
- Original cataloging agency: JO-AjAnu
- Transcribing agency: JO-AjAnu
100 ## - HEADING--PERSONAL NAME
- Personal name: تاليف المصري، محمد عبد الغني؛م.مشارك مجد محمدالباكير البرازي
670 ## - SOURCE DATA FOUND
- Source citation: Work cat.: (JO-AjAnu)21801: تاليف المصري، محمد عبد الغني؛م.مشارك مجد محمدالباكير البرازي, author, اللغة العربية:ثقافة عامة(وفق منهاج وزارة التعليم العالي لكليات المجتمع)